| 000 | 00584nam a2200193 a 4500 | ||
|---|---|---|---|
| 001 | 14843 | ||
| 003 | CO-ViMGA | ||
| 008 | 141112s2004 ck r 000 u spa d | ||
| 020 | _a9588159350 | ||
| 040 |
_aCO-ViMGA _bspa _cCO-ViMGA |
||
| 082 | 0 | 4 | _a371.01 D027 |
| 100 | 1 |
_aDotor Robayo, Maria Victoria _921545 |
|
| 245 | 1 | 0 | _aLa instrucción pública en el estado soberano de Boyacá, 1870 - 1876 |
| 260 |
_aBtá, _cMinisterio de Cultura 2002 |
||
| 300 | _a112.p. | ||
| 650 | 1 | 4 |
_aESCUELAS PUBLICAS BOYACA COLOMBIA - 1870 - 1876 _921546 |
| 650 | 1 | 4 | _aREFORMA EDUCATIVA |
| 942 |
_2ddc _cBK |
||
| 999 |
_c25327 _d25327 |
||